| 000 | 00798nam a22002177a 4500 | ||
|---|---|---|---|
| 999 |
_c3347 _d3347 |
||
| 005 | 20231120091910.0 | ||
| 008 | 231120b ||||| |||| 00| 0 eng d | ||
| 020 | _a9781407107882 | ||
| 040 | _cKH8 | ||
| 082 | _a823.914 MCC | ||
| 100 |
_aMcCombie, Karen _eAuthor |
||
| 245 |
_a Six words and a wish / _cKaren McCombie |
||
| 260 |
_aLondon, _bScholastic, _c2011 |
||
| 300 |
_a282 pages ; _c20 cm |
||
| 500 | _aChildren's stories | ||
| 520 | _aEver since Jem's sister Gracie ran away from home, Jem's wondered whether she's to blame. Something she said to Gracie before she disappearance is preying on her mind - Jem couldn't be the reason behind her vanishing, could she | ||
| 650 | _aChildren's fiction | ||
| 650 | _aChildren's stories | ||
| 650 | _aFamilies Fiction | ||
| 942 |
_2ddc _cFIC |
||